000 00691nam a2200205Ii 4500
003 JO-AjNU
008 230605s9999||||xx |||||||||||||| ||und||
040 _aJO-AjNU
_bara
_erda
_cJO-AjNU
041 _aara
050 1 4 _aHD85.1989
100 3 _aقاسم،قاسم جميل,
_eauthor
_913910
245 0 0 _aدليل مؤسسات واجهزة التنمية الادارية المركزية في الدول العربية
250 _aط1
264 3 1 _aالعين:دار الكتاب الجامعي،1989
300 _a173ص
336 _atext
_btxt
_2rdacontent
337 _aunmediated
_bn
_2rdamedia
338 _avolume
_bnc
_2rdacarrier
650 4 _aالخدمة المدنية
_913911
999 _aA3584
_c7152
_d7152